| 000 | 00356nam a22001457a 4500 | ||
|---|---|---|---|
| 008 | 231101b ||||| |||| 00| 0 eng d | ||
| 020 | _a9781590710166 | ||
| 041 | _aeng | ||
| 080 | _a61 | ||
| 082 | _a61WAC | ||
| 100 | _a4 | ||
| 101 | _aMJP | ||
| 245 |
_aTHE TRUTH BEHIND AMERICAS TERRIFYING EPIDEMIC OF MEDICAL MISTAKES _cWACHTER.M.R |
||
| 942 |
_2udc _cBK |
||
| 999 |
_c60477 _d60477 |
||